<?xml version="1.0" encoding="UTF-8"?>
<collection xmlns="http://www.loc.gov/MARC21/slim">
 <record>
  <leader>00479pamaa2200169   4500</leader>
  <controlfield tag="001">0000022687</controlfield>
  <controlfield tag="005">20150125090000.0</controlfield>
  <datafield tag="020" ind1="0" ind2="0">
   <subfield code="a">1870626818 </subfield>
  </datafield>
  <datafield tag="090" ind1="0" ind2="0">
   <subfield code="a">PR4453.C4 </subfield>
   <subfield code="b">CRO 1991</subfield>
  </datafield>
  <datafield tag="100" ind1="1" ind2="0">
   <subfield code="a">CROWTHER </subfield>
  </datafield>
  <datafield tag="245" ind1="1" ind2="0">
   <subfield code="a">G.K. Chesterton  </subfield>
   <subfield code="c">Ian Crowther.</subfield>
  </datafield>
  <datafield tag="260" ind1="0" ind2="0">
   <subfield code="a">London ; Lexington, Ga.: </subfield>
   <subfield code="b">Claridge Press, </subfield>
   <subfield code="c">1991.</subfield>
  </datafield>
  <datafield tag="300" ind1=" " ind2=" ">
   <subfield code="a">101 p.; </subfield>
   <subfield code="c">22 cm.</subfield>
  </datafield>
  <datafield tag="440" ind1="0" ind2="0">
   <subfield code="a">Thinkers of our time</subfield>
  </datafield>
  <datafield tag="600" ind1="1" ind2="0">
   <subfield code="a">Chesterton, </subfield>
   <subfield code="h">G. K. (Gilbert Keith)</subfield>
  </datafield>
  <datafield tag="650" ind1="0" ind2="0">
   <subfield code="a">Christianity and literature </subfield>
  </datafield>
  <datafield tag="740" ind1="0" ind2="0">
   <subfield code="a">Chesterton</subfield>
  </datafield>
 </record>
</collection>
